[Event "Madrid-ch U12"]
[Site "Madrid"]
[Date "2018.04.15"]
[Round "4"]
[White "Fernandez Rosado, Roberto"]
[Black "Simon Novillo, Carlos"]
[Result "1/2-1/2"]
[WhiteElo "1579"]
[BlackElo "1389"]
[PlyCount "110"]
[EventDate "2018.04.14"]
[EventType "swiss"]
[EventRounds "6"]
[EventCountry "ESP"]
[SourceTitle "EXT 2019"]
[Source "ChessBase"]
[SourceDate "2018.10.10"]
[SourceVersion "1"]
[SourceVersionDate "2018.10.10"]
[SourceQuality "1"]

1. e4 c5 2. Nf3 e6 3. d4 cxd4 4. Nxd4 a6 5. Bd3 Nf6 6. 0-0 Be7 7. Qe2 0-0 8. c4 Bc5 9. Nb3 Ba7 10. Nc3 Nc6 11. Be3 Nb4 12. a3 Nxd3 13. Qxd3 Qc7 14. Bxa7 Rxa7 15. Kh1 Ng4 16. Qg3 Qxg3 17. hxg3 Ne5 18. c5 a5 19. Nb5 Ra8 20. Rfd1 a4 21. N3d4 Nc6 22. Nxc6 bxc6 23. Nd6 Rd8 24. Rd4 Ra7 25. Rad1 Bb7 26. Kg1 Kf8 27. R1d2 Ke7 28. Nxb7 Rxb7 29. Rxa4 Rdb8 30. b4 Rc7 31. Kf1 Rbb7 32. Ke2 Ra7 33. Rxa7 Rxa7 34. Rd3 Ra4 35. Kd2 Ra7 36. Kc2 Kf6 37. Kb3 Ke5 38. f3 Kf6 39. a4 Ke7 40. a5 Kd8 41. Ka4 Rc7 42. a6 Ra7 43. Ka5 Kc7 44. b5 cxb5 45. Kxb5 Ra8 46. Rd6 Rb8+ 47. Rb6 Ra8 48. Rd6 Rb8+ 49. Rb6 Ra8 50. Rb7+ Kc8 51. Kb6 f6 52. Rc7+ Kd8 53. Kb7 Ra7+ 54. Kxa7 Kxc7 55. g4 e5 1/2-1/2

[Event "ESP-ch U10"]
[Site "Granada"]
[Date "2016.07.01"]
[Round "7"]
[White "Vergara Anton, Diego"]
[Black "Simon Novillo, Carlos"]
[Result "1-0"]
[WhiteElo "1420"]
[BlackElo "1355"]
[PlyCount "69"]
[EventDate "2016.06.27"]
[EventType "swiss"]
[EventRounds "9"]
[EventCountry "ESP"]
[SourceTitle "EXT 2024"]
[Source "ChessBase"]
[SourceDate "2023.10.10"]
[SourceVersion "1"]
[SourceVersionDate "2023.10.10"]
[SourceQuality "1"]

1. e4 c5 2. Nf3 e6 3. d4 cxd4 4. Nxd4 a6 5. Nc3 Bb4 6. Bd2 d6 7. Bd3 Bc5 8. Nb3 Ba7 9. Qe2 e5 10. 0-0 Nf6 11. Be3 Nc6 12. Bxa7 Rxa7 13. Qe3 Ra8 14. f4 0-0 15. f5 b5 16. a3 Bb7 17. Qg5 h6 18. Qh4 Nd7 19. Qh3 Kh7 20. Rf3 Bc8 21. Nd5 Nf6 22. Rg3 g6 23. Nxf6+ Qxf6 24. Rf1 Qe7 25. Qg4 g5 26. h4 Rg8 27. Qh5 f6 28. hxg5 fxg5 29. f6 Qa7+ 30. Kh1 Be6 31. f7 Rgf8 32. Rf6 Qxf7 33. Qxh6+ Kg8 34. Rxg5+ Qg7 35. Rxg7# 1-0

[Event "ESP-ch U10"]
[Site "Granada"]
[Date "2016.06.29"]
[Round "5"]
[White "Simon Novillo, Carlos"]
[Black "Habans Aguerrea, Javier"]
[Result "0-1"]
[WhiteElo "1355"]
[BlackElo "1391"]
[PlyCount "59"]
[EventDate "2016.06.27"]
[EventType "swiss"]
[EventRounds "9"]
[EventCountry "ESP"]
[SourceTitle "EXT 2024"]
[Source "ChessBase"]
[SourceDate "2023.10.10"]
[SourceVersion "1"]
[SourceVersionDate "2023.10.10"]
[SourceQuality "1"]

1. e4 c5 2. d4 cxd4 3. c3 g6 4. cxd4 d5 5. exd5 Nf6 6. Bb5+ Bd7 7. Bc4 Bg7 8. Nf3 0-0 9. 0-0 Bf5 10. Nc3 Nbd7 11. d6 exd6 12. Bf4 Nb6 13. Bb3 d5 14. Re1 Ne4 15. Be5 Rc8 16. Bxg7 Kxg7 17. Rc1 Nc4 18. Bxc4 Rxc4 19. Ne5 Rb4 20. b3 Qh4 21. g3 Nxc3 22. gxh4 Nxd1 23. Rexd1 f6 24. Rc7+ Kg8 25. Nd7 Rf7 26. a3 Rb5 27. Nxf6+ Rxf6 28. Re1 Be4 29. f3 Rxf3 30. Rc3 0-1